| Tag |
First Indicator |
Second Indicator |
Subfields |
| LEADER |
00000cam a22000004a 4500 |
| 001 |
in00002079708 |
| 005 |
20151102131350.0 |
| 008 |
041004s2005 enk b 001 0 eng |
| 010 |
|
|
|a 2004023214
|
| 015 |
|
|
|a GBA509055
|2 bnb
|
| 016 |
7 |
|
|a 013099643
|2 Uk
|
| 019 |
|
|
|a 57575558
|
| 020 |
|
|
|a 0415366178 (pb : alk. paper)
|
| 020 |
|
|
|a 0415354293 (hb : alk. paper)
|
| 035 |
|
|
|a (OCoLC)ocm56657384
|
| 040 |
|
|
|a DLC
|c DLC
|d UKM
|d BWKUK
|d BAKER
|d UtOrBLW
|
| 042 |
|
|
|a pcc
|
| 049 |
|
|
|a TXAM
|
| 050 |
0 |
0 |
|a P302.84
|b .D574 2005
|
| 082 |
0 |
0 |
|a 401/.41
|2 22
|
| 245 |
0 |
0 |
|a Discourse in action :
|b introducing mediated discourse analysis /
|c edited by Sigrid Norris and Rodney H. Jones.
|
| 264 |
|
1 |
|a London ;
|a New York :
|b Routledge,
|c 2005.
|
| 300 |
|
|
|a xii, 229 pages ;
|c 24 cm.
|
| 336 |
|
|
|a text
|b txt
|2 rdacontent
|
| 337 |
|
|
|a unmediated
|b n
|2 rdamedia
|
| 338 |
|
|
|a volume
|b nc
|2 rdacarrier
|
| 504 |
|
|
|a Includes bibliographical references (pages [210]-225) and index.
|
| 650 |
|
0 |
|a Discourse analysis
|x Social aspects.
|
| 700 |
1 |
|
|a Norris, Sigrid,
|d 1961-
|
| 700 |
1 |
|
|a Jones, Rodney H.
|
| 856 |
4 |
1 |
|3 Table of contents
|u http://www.loc.gov/catdir/toc/ecip051/2004023214.html
|t 0
|
| 945 |
|
|
|i PromptCat
|
| 947 |
|
|
|a A14832697238
|
| 994 |
|
|
|a 92
|b TXA
|
| 948 |
|
|
|a cataloged
|b h
|c 2005/10/6
|d c
|e rbarron
|f 12:31:52 pm
|
| 999 |
|
|
|a MARS
|
| 999 |
f |
f |
|s f8a4ba1a-ad80-381e-8b46-b2e00f9ead4b
|i f7309c96-8bfb-35b9-a484-5bdad07e8fb0
|t 0
|
| 952 |
f |
f |
|p ric
|a Texas A&M University
|b Rellis Campus
|c Joint Library Facility
|s JLF
|d Remote Storage
|t 0
|e P302.84 .D574 2005
|h Library of Congress classification
|i unmediated -- volume
|m A14832697238
|
| 998 |
f |
f |
|a P302.84 .D574 2005
|t 0
|l Remote Storage
|